Villes de la Lozère en images - Statistiques

Statistiques générales
  • Ce quiz a été pris 82 fois
  • Le résultat moyen est 9 sur 18
Statistiques - réponses
Par images Hint Réponse % Correct
M Mende
100%
F Florac Trois Rivières
87%
M Marvejols
87%
L Langogne
80%
(La) C La Canourgue
75%
S Saint-Chély-d'Apcher
65%
S (ou G) Sainte-Enimie
62%
V Villefort
52%
I Ispagnac
50%
(Le) M Le Malzieu-Ville
47%
(La) G (ou P) La Garde-Guérin
38%
M Meyrueis
30%
P Pont de Montvert - Sud Mont Lozère
20%
C Châteauneuf-de-Randon
17%
S Saint-Alban-sur-Limagnole
15%
F Fournels
12%
S Serverette
12%
P (ou C) Pourcharesses
3%
Aucun quiz correspondant
Distribution des résultats
% des personnes avec chaque résultat
Percentile par nombre de réponses
Votre historique - résultats
Vous n’avez pas pris ce quiz